Herreros y forjadores poblanos (Record no. 84)

MARC details
000 -CABECERA
campo de control de longitud fija 00796nam a2200241 a 4500
001 - NÚMERO DE CONTROL
campo de control BRCA_98
005 - FECHA Y HORA DE LA ÚLTIMA TRANSACCIÓN
campo de control 20190320202859.0
008 - DATOS DE LONGITUD FIJA--INFORMACIÓN GENERAL
campo de control de longitud fija 761007s1933 mx-f---###---#000-0#spa-#
040 ## - FUENTE DE LA CATALOGACIÓN
Centro catalogador/agencia de origen DLC
Centro/agencia transcriptor DLC
Centro/agencia modificador DLC
041 ## - CÓDIGO DE LENGUA
Código de lengua del texto/banda sonora o título independiente spa
044 ## - CÓDIGO DEL PAÍS DE LA ENTIDAD EDITORA/PRODUCTORA
Código MARC del país mx
050 #4 - SIGNATURA TOPOGRÁFICA DE LA BIBLIOTECA DEL CONGRESO
Número de clasificación NK8214
Número de documento/Ítem .C47 1991
100 1# - ENTRADA PRINCIPAL--NOMBRE DE PERSONA
Nombre de persona Cervantes, Enrique A.
9 (RLIN) 383
245 10 - MENCIÓN DE TÍTULO
Título Herreros y forjadores poblanos
Mención de responsabilidad, etc. por Enriqve A. Cervantes; dibujos y fotografías del autor.
260 ## - PUBLICACIÓN, DISTRIBUCIÓN, ETC.
Lugar de publicación, distribución, etc. México
Nombre del editor, distribuidor, etc. Gobierno del Estado de Puebla, Secretaría de Cultura
Fecha de publicación, distribución, etc. 1991
300 ## - DESCRIPCIÓN FÍSICA
Extensión LXX
Otras características físicas il. láminas (pieza montada)
Dimensiones 27 cm.
500 ## - NOTA GENERAL
Nota general Hojas de láminas IV-XI, LXIX-LXX
500 ## - NOTA GENERAL
Nota general Facsímil de: México, 1933
650 14 - PUNTO DE ACCESO ADICIONAL DE MATERIA--TÉRMINO DE MATERIA
Término de materia o nombre geográfico como elemento de entrada Estructuras de hierro
Subdivisión geográfica México
9 (RLIN) 384
650 14 - PUNTO DE ACCESO ADICIONAL DE MATERIA--TÉRMINO DE MATERIA
Término de materia o nombre geográfico como elemento de entrada Herreros
Subdivisión geográfica Puebla (México)
9 (RLIN) 385
653 0# - TÉRMINO DE INDIZACIÓN--NO CONTROLADO
Término no controlado Hierro forjado
942 ## - ELEMENTOS DE PUNTO DE ACCESO ADICIONAL (KOHA)
Fuente del sistema de clasificación o colocación Library of Congress Classification
Tipo de ítem Koha Libros
Holdings
Estado de retiro Estado de pérdida Estado dañado No para préstamo Localización permanente Ubicación/localización actual Fecha de adquisición Total de préstamos Signatura topográfica completa Código de barras Fecha visto por última vez Precio válido a partir de Tipo de ítem Koha
El ejemplar forma parte de la colección y puede ser consultado según las políticas vigentes.       Biblioteca del Museo Franz Mayer (Rogerio Casas-Alatriste) Biblioteca del Museo Franz Mayer (Rogerio Casas-Alatriste) 25/06/2008   NK8214 .C47 1991 00093 22/03/2019 22/03/2019 Libros